000 00991cab a22002175a 4500
001 L141717
008 071217s2007 xxk f 000 0 eng d
035 _a(Sirsi) u141717
041 0 _aeng
100 1 _aWinter, J.
245 0 0 _aBriefing
_bthe Contracts (Rights of Third Parties) Act 1999
260 _c2007
490 _aProceedings of the Institution of Civil Engineers
_bManagement, Procurement and Law
_v(160) Winter 2007, 95-96(2)
520 _aExplains how the cost and inconvenience of collateral warranties can be avoided by including provisions giving rights to third parties in construction contracts. Outlines how such third party rights are enforceable under the Contracts (Rights of Third Parties) Act 1999.
590 _aKA
650 2 4 _aCONTRACTS (RIGHTS OF THIRD PARTIES) ACT 1999
651 4 _aEngland and Wales
_y1543-
651 4 _aNorthern Ireland
_y2007-
690 _aBUILT ENVIRONMENT-CONSTRUCTION MANAGEMENT-BUILDING CONTRACT ADMINISTRATION
942 _n0
999 _c79570
_d79570